01132cam a22001937a 4500020001800000020001500018040001000033082002600043245032600069246026700395246001200662260007600674300003400750650001800784650001600802650002800818650003100846710006100877 a9789251069066 a9251069069 cBTCTA a660 FOO 2011 A055 Or.00aBiotechnologies for agricultural development :bproceedings of the FAO international technical conference on "agricultural biotechnologies in developing countries: options and opportunities in crops, forestry, livestock, fisheries and agro-industry to face the challenges of food insecurity and climate change" : ABDC-10.30aProceedings of the FAO international technical conference on "agricultural biotechnologies in developing countries: options and opportunities in crops, forestry, livestock, fisheries and agro-industry to face the challenges of food insecurity and climate change"30aABDC-10 aRome :bFood and Agriculture Organization of the United Nations,c2011. axxi, 569 p. :bill. ;c27 cm. 0aBiotechnology 0aAgriculture 0aSustainable agriculture 0aAgricultural biotechnology2 aFood and Agriculture Organization of the United Nations.